00393nam a2200145Ia 4500008004100000010001400041040002600055041002600081082001700107100001800124245003600142260002600178300002200204600002100226090201s9999 xx 000 0 und d aKPL-25203 bइंग्रजी aइंग्रजी a46203b25203 agraham green athe human factorcgraham green c2005bthe bodley head a339bमोठा athe human factor